[Event "GER-ch Seniors 21st"]
[Site "Dresden"]
[Date "2009.08.09"]
[Round "8"]
[White "Niechoj, Norbert"]
[Black "Welz, Peter"]
[Result "1-0"]
[WhiteElo "2099"]
[BlackElo "2101"]
[PlyCount "32"]
[EventDate "2009.08.03"]
[EventType "swiss"]
[EventRounds "9"]
[EventCountry "GER"]
[SourceTitle "CBM 131 Extra"]
[Source "ChessBase"]
[SourceDate "2009.09.03"]
[SourceVersion "2"]
[SourceVersionDate "2009.09.16"]
[SourceQuality "1"]

1. e4 e6 2. Nc3 d5 3. d4 dxe4 4. Nxe4 Qd5 5. Ng3 c5 6. Nf3 Nc6 7. Bb5 Bd7 8. c4 Qd6 9. Ne4 Qc7 10. dxc5 0-0-0 11. Nd6+ Bxd6 12. cxd6 Qa5+ 13. Bd2 Nb4 14. Qb3 Bxb5 15. cxb5 Qxb5 16. Qxb4 Qxb4 1-0

[Event "GER-chA Seniors 16th"]
[Site "Templin"]
[Date "2004.09.09"]
[Round "6"]
[White "Krafzik, Joachim"]
[Black "Niechoj, Norbert"]
[Result "0-1"]
[WhiteElo "1876"]
[BlackElo "1862"]
[PlyCount "44"]
[EventDate "2004.09.04"]
[EventType "swiss"]
[EventRounds "9"]
[EventCountry "GER"]
[SourceTitle "EXT 2005"]
[Source "ChessBase"]
[SourceDate "2004.11.15"]
[SourceVersion "1"]
[SourceVersionDate "2004.11.15"]
[SourceQuality "1"]

1. f4 e6 2. Nf3 d5 3. e3 c5 4. b3 Nc6 5. Bb5 a6 6. Bxc6+ bxc6 7. 0-0 Nf6 8. d3 Be7 9. Ne5 Qb6 10. Qe2 a5 11. a4 c4 12. dxc4 d4 13. Nd3 Ne4 14. Kh1 f5 15. exd4 Qxd4 16. Bb2 Qa7 17. Nd2 Nxd2 18. Qxd2 0-0 19. Rad1 c5 20. Qe3 Qb6 21. Rfe1 Ra7 22. Qxe6+ Bxe6 0-1

[Event "GER-chA Seniors 16th"]
[Site "Templin"]
[Date "2004.09.08"]
[Round "5"]
[White "Schaefer, Werner"]
[Black "Niechoj, Norbert"]
[Result "0-1"]
[WhiteElo "1512"]
[BlackElo "1862"]
[PlyCount "92"]
[EventDate "2004.09.04"]
[EventType "swiss"]
[EventRounds "9"]
[EventCountry "GER"]
[SourceTitle "EXT 2005"]
[Source "ChessBase"]
[SourceDate "2004.11.15"]
[SourceVersion "1"]
[SourceVersionDate "2004.11.15"]
[SourceQuality "1"]

1. d4 e6 2. c4 Nf6 3. Nc3 d5 4. e3 c6 5. Nf3 Nbd7 6. a3 Bd6 7. b4 dxc4 8. Bxc4 a5 9. b5 Qc7 10. Qe2 e5 11. bxc6 bxc6 12. e4 0-0 13. Qd3 Nb6 14. Ne2 Nxc4 15. Qxc4 Ba6 16. Qc2 exd4 17. Nexd4 c5 18. Ne2 Rfe8 19. Nd2 c4 20. Bb2 Ng4 21. h3 Ne5 22. Bxe5 Bxe5 23. Rc1 Rac8 24. Nc3 Bf4 25. 0-0 Qc5 26. a4 Rcd8 27. Rfd1 Rd3 28. Nd5 Bxd2 29. Qxd3 Bxc1 30. Rxc1 Qc6 31. Qc2 f5 32. f3 fxe4 33. Nc3 h6 34. Qd2 Bb7 35. Re1 Qb6+ 36. Kh1 Rd8 37. Qc2 Rd3 38. Rb1 Rxc3 39. Rxb6 Rxc2 40. Rxb7 Ra2 41. Kh2 Rxa4 42. Kg3 Rb4 43. Rc7 a4 44. Kf4 a3 45. Ra7 c3 46. Ke3 Kf8 0-1

[Event "GER-chA Seniors 16th"]
[Site "Templin"]
[Date "2004.09.05"]
[Round "2"]
[White "Niechoj, Norbert"]
[Black "Braun, Horst"]
[Result "0-1"]
[WhiteElo "1862"]
[BlackElo "1876"]
[PlyCount "111"]
[EventDate "2004.09.04"]
[EventType "swiss"]
[EventRounds "9"]
[EventCountry "GER"]
[SourceTitle "EXT 2005"]
[Source "ChessBase"]
[SourceDate "2004.11.15"]
[SourceVersion "1"]
[SourceVersionDate "2004.11.15"]
[SourceQuality "1"]

1. e4 e5 2. Nf3 Nf6 3. Nxe5 d6 4. Nf3 Nxe4 5. Nc3 Nxc3 6. bxc3 Be7 7. d4 0-0 8. Bd3 Nc6 9. Rb1 b6 10. c4 Bf6 11. c3 Re8+ 12. Be3 Na5 13. Kf1 Ba6 14. Nd2 d5 15. Qc2 h6 16. cxd5 Bxd3+ 17. Qxd3 Qxd5 18. c4 Qd7 19. Rb5 Rad8 20. h3 c6 21. Rh5 Bxd4 22. Ke2 Bxe3 23. Qxd7 Rxd7 24. fxe3 Red8 25. Nf3 Nxc4 26. Rc1 b5 27. Nd4 Rc8 28. Rc5 Rdc7 29. a4 a6 30. axb5 cxb5 31. Rd5 g6 32. Ra1 Re8 33. Rxa6 Nxe3 34. Rxb5 Nxg2+ 35. Kf2 Nf4 36. Rb3 Rd7 37. Ra4 Ne6 38. Re3 Kg7 39. Nf3 Rb8 40. Ra2 Rb5 41. Ne5 Rc7 42. Kg3 Nd4 43. Re4 Nf5+ 44. Kf4 Rcb7 45. Nc4 Rb1 46. Rf2 h5 47. Nd2 Rh1 48. Rf3 Kf6 49. Ra4 g5+ 50. Ke4 Re1+ 51. Kd3 Rd7+ 52. Kc2 Kg6 53. Nb3 Re3 54. Rxe3 Nxe3+ 55. Kc3 Nd5+ 56. Kc2 0-1